00349nam a22001097a 4500008004100000020001800041082001300059100004800072245006400120260004500184300001000229230605b xxu||||| |||| 00| 0 eng d a9781846684302 a330bACE cDaron Acemoglu and James A. Robinsond2012 aWhy Nations FallbThe Origins of Power Prosperity and Power aUnited States of AmericabGreat Britain  a529 p